"Das Schreckbild des Psychologismus" (Record no. 855437)
[ view plain ]
| 000 -CABECERA | |
|---|---|
| Campo de control de longitud fija | 00654nab a2200157 4500 |
| 003 - IDENTIFICADOR DEL NÚMERO DE CONTROL | |
| Campo de control | ES-SlBCS |
| 005 - FECHA Y HORA DE LA ÚLTIMA TRANSACCIÓN | |
| Campo de control | 20220907161511.0 |
| 008 - CÓDIGOS DE INFORMACIÓN DE LONGITUD FIJA | |
| Campo de control de longitud fija | 160119s2015 it ||||| |||| 00| 0 ita d |
| 040 ## - FUENTE DE LA CATALOGACIÓN | |
| Centro catalogador del origen | ES-SlBCS |
| Lengua de catalogación | spa |
| 100 1# - PUNTO DE ACCESO PRINCIPAL-NOMBRE DE PERSONA | |
| Nombre de persona | Iocco, Gemmo |
| 9 (RLIN) | 409763 |
| 245 15 - MENCIÓN DE TÍTULO | |
| Título | "Das Schreckbild des Psychologismus" |
| Resto del título | : Husserl, Lotze e "l'inesauribile scrigno" del mondo delle idee |
| Mención de responsabilidad, etc. | Gemmo Iocco |
| 600 14 - PUNTO DE ACCESO ADICIONAL DE MATERIA-NOMBRE DE PERSONA | |
| Nombre personal | Lotze, Hermann |
| Fechas asociadas con el nombre | , 1817-1881 |
| Subdivisión general | Crítica e interpretación |
| 9 (RLIN) | 409764 |
| 600 #0 - PUNTO DE ACCESO ADICIONAL DE MATERIA-NOMBRE DE PERSONA | |
| Nombre personal | Husserl, Edmund |
| Fechas asociadas con el nombre | , 1859-1938 |
| Subdivisión general | Crítica e interpretación |
| 9 (RLIN) | 120926 |
| 773 0# - ENLACE AL DOCUMENTO FUENTE | |
| Parte(s) relacionada(s) | Vol. 107, Nº 3, 2015, págs. 623-643 |
| Título | Rivista di Filosofia Neo-Scolastica |
| Número de control del registro relacionado | Rev392 |
| Número Internacional Normalizado para Publicaciones Seriadas (ISSN) | 0035-6247 |
| 942 ## - ENTRADA DE ELEMENTOS AGREGADOS (KOHA) | |
| Fuente de clasificaión o esquema | |
| Koha [por defecto] tipo de item | Artículos de revista |
| Suprimido | Perdido | Fuente de clasificación o esquema | Estropeado | No para préstamo | Localización permanente | Localización actual | Localización en estantería | Fecha adquisición | Préstamos totales | Fecha última consulta | Fecha del precio de reemplazo | Tipo de item de Koha |
|---|---|---|---|---|---|---|---|---|---|---|---|---|
| San Esteban | San Esteban | Depósito de revistas | 19/01/2016 | 19/01/2016 | 19/01/2016 | Artículos de revista |
